Statistiques concernant 15 pays avec la plus faible densité de population

Cliquez ici pour prendre le quiz!

Statistiques générales

  • Ce quiz a été pris 95 fois
  • Le résultat moyen est 7 sur 15

Statistiques - réponses

HintRéponse% Correct
9canada
88%
3australie
87%
1mongolie
86%
14tchad
60%
12kazakhstan
56%
7mauritanie
53%
2namibie
52%
8libye
51%
6islande
48%
5botswana
37%
15bolivie
36%
13république centrafricaine
15%
4suriname
15%
11gabon
14%
10guyana
14%

Distribution des résultats

Percentile par nombre de réponses

% des personnes avec chaque résultat

Votre développement - résultats

Vous n’avez pas pris ce quiz